[Event "Heusenstamm Sparkassen op-B 6th"]
[Site "Heusenstamm"]
[Date "2019.11.24"]
[Round "7"]
[White "Welker, Alexandra"]
[Black "Oezyar, Arin"]
[Result "1/2-1/2"]
[WhiteElo "1441"]
[BlackElo "1345"]
[PlyCount "61"]
[EventDate "2019.11.21"]
[EventType "swiss"]
[EventRounds "7"]
[EventCountry "GER"]
[SourceTitle "CBM 194 Extra"]
[Source "ChessBase"]
[SourceDate "2020.03.31"]
[SourceVersion "1"]
[SourceVersionDate "2020.03.31"]
[SourceQuality "1"]

1. e4 e5 2. Nf3 Nc6 3. Bc4 Bc5 4. c3 Nf6 5. d4 exd4 6. e5 d5 7. Bb5 Ne4 8. cxd4 Bb4+ 9. Bd2 Nxd2 10. Nbxd2 0-0 11. Bxc6 bxc6 12. h3 Ba6 13. a3 Be7 14. Qc2 Qd7 15. Rc1 Bb7 16. 0-0 a5 17. Nb3 Rfb8 18. Rfe1 Ra6 19. Nc5 Bxc5 20. Qxc5 Qe6 21. b4 axb4 22. axb4 Rb6 23. Rb1 Bc8 24. Re3 Bd7 25. Nd2 Rb5 26. Qa7 R5b7 27. Qa3 Qe7 28. Reb3 h6 29. Qa5 Qh4 30. Nf3 Qe7 31. Nd2 1/2-1/2

[Event "Heusenstamm Sparkassen op-B 6th"]
[Site "Heusenstamm"]
[Date "2019.11.23"]
[Round "5"]
[White "Welker, Alexandra"]
[Black "Federenko, Ingo"]
[Result "1/2-1/2"]
[WhiteElo "1441"]
[BlackElo "1359"]
[PlyCount "54"]
[EventDate "2019.11.21"]
[EventType "swiss"]
[EventRounds "7"]
[EventCountry "GER"]
[SourceTitle "CBM 194 Extra"]
[Source "ChessBase"]
[SourceDate "2020.03.31"]
[SourceVersion "1"]
[SourceVersionDate "2020.03.31"]
[SourceQuality "1"]

1. e4 e5 2. Nf3 Nc6 3. Bc4 Nf6 4. d3 Be7 5. Nc3 0-0 6. 0-0 d6 7. h3 a6 8. a4 b6 9. Nd5 Bb7 10. Be3 Nxd5 11. Bxd5 Rb8 12. c3 Na7 13. b4 Bxd5 14. exd5 c6 15. dxc6 Nxc6 16. b5 axb5 17. axb5 Na5 18. c4 Qc7 19. Nd2 Nb7 20. Nb3 Nc5 21. Nxc5 dxc5 22. f4 exf4 23. Bxf4 Bd6 24. Qf3 Bxf4 25. Qxf4 Qd7 26. Rad1 Rfd8 27. Rfe1 Qd4+ 1/2-1/2

[Event "Heusenstamm Sparkassen op-B 6th"]
[Site "Heusenstamm"]
[Date "2019.11.22"]
[Round "3"]
[White "Welker, Alexandra"]
[Black "Deiringer, Julius"]
[Result "1/2-1/2"]
[WhiteElo "1441"]
[BlackElo "1181"]
[PlyCount "105"]
[EventDate "2019.11.21"]
[EventType "swiss"]
[EventRounds "7"]
[EventCountry "GER"]
[SourceTitle "CBM 194 Extra"]
[Source "ChessBase"]
[SourceDate "2020.03.31"]
[SourceVersion "1"]
[SourceVersionDate "2020.03.31"]
[SourceQuality "1"]

1. e4 e5 2. Nf3 Nc6 3. Nc3 Nf6 4. Bb5 Bb4 5. Bxc6 dxc6 6. d3 Qe7 7. Bd2 Bg4 8. h3 Bd7 9. a3 Bc5 10. Qe2 Bb6 11. Na4 0-0 12. Nxb6 cxb6 13. 0-0 Nh5 14. Bc3 Nf4 15. Qe3 Ng6 16. d4 exd4 17. Qxd4 f6 18. Rad1 Rad8 19. Qe3 Rfe8 20. Rfe1 Qe6 21. Nd4 Qe7 22. Nf3 Ne5 23. Nxe5 fxe5 24. Qg3 Qf6 25. Rd3 Re7 26. Red1 Qf4 27. Qxf4 exf4 28. e5 Kf7 29. Rd6 Ke8 30. e6 Rxe6 31. Rxe6+ Bxe6 32. Rxd8+ Kxd8 33. Bxg7 Ke7 34. f3 Kd6 35. Kf2 Bf5 36. c3 Kd5 37. Ke2 a5 38. Bh6 Ke5 39. Kd2 b5 40. Bg5 c5 41. b4 axb4 42. axb4 c4 43. Ke2 Bd3+ 44. Kf2 Kf5 45. h4 h5 46. g3 fxg3+ 47. Kxg3 Be2 48. Kf2 Bd3 49. Ke3 Ke5 50. f4+ Kd5 51. Bd8 Be4 52. Bg5 Bf5 53. Bd8 1/2-1/2

[Event "Heusenstamm Sparkassen op-B 6th"]
[Site "Heusenstamm"]
[Date "2019.11.21"]
[Round "1"]
[White "Welker, Alexandra"]
[Black "Goff, Simon"]
[Result "0-1"]
[WhiteElo "1441"]
[BlackElo "1780"]
[PlyCount "64"]
[EventDate "2019.11.21"]
[EventType "swiss"]
[EventRounds "7"]
[EventCountry "GER"]
[SourceTitle "CBM 194 Extra"]
[Source "ChessBase"]
[SourceDate "2020.03.31"]
[SourceVersion "1"]
[SourceVersionDate "2020.03.31"]
[SourceQuality "1"]

1. e4 g6 2. d4 Bg7 3. Nf3 d6 4. Nc3 a6 5. Be2 b5 6. a3 Nd7 7. Be3 Bb7 8. 0-0 c5 9. b4 cxd4 10. Bxd4 Ngf6 11. Bd3 0-0 12. Rc1 Rc8 13. Re1 e5 14. Na2 exd4 15. Nxd4 Ne5 16. Qe2 Qb6 17. Nf3 Nfg4 18. Nxe5 Nxe5 19. c4 Bh6 20. Rc2 Qd4 21. Rc3 bxc4 22. Bc2 Qd2 23. Rh3 c3 24. Nc1 Nc4 25. Rd3 Qxe2 26. Nxe2 Bd2 27. Ra1 Bxe4 28. Rxd2 Nxd2 29. Bxe4 Nxe4 30. Rc1 c2 31. Nd4 Nd2 32. g3 Rc4 0-1

[Event "Bad Soden U14 op"]
[Site "Bad Soden"]
[Date "2019.10.03"]
[Round "1"]
[White "Radutny, Alexej"]
[Black "Welker, Alexandra"]
[Result "0-1"]
[WhiteElo "1023"]
[BlackElo "1441"]
[PlyCount "68"]
[EventDate "2019.10.03"]
[EventType "swiss"]
[EventRounds "9"]
[EventCountry "GER"]
[SourceTitle "CBM 192 Extra"]
[Source "Chessbase"]
[SourceDate "2019.11.06"]
[SourceVersion "1"]
[SourceVersionDate "2019.11.06"]
[SourceQuality "1"]

1. e4 c6 2. d4 d5 3. exd5 cxd5 4. Nc3 Nf6 5. Bf4 a6 6. Nf3 Bf5 7. g3 e6 8. Bg2 Nc6 9. 0-0 Bd6 10. Ne2 0-0 11. c3 Qc7 12. Re1 Ne4 13. Nh4 Bxf4 14. Nxf4 Nd6 15. Nxf5 Nxf5 16. Bh3 Nd6 17. Bxe6 fxe6 18. Nxe6 Qf7 19. Nxf8 Rxf8 20. f4 Qg6 21. Qf3 Ne4 22. Rad1 Ne7 23. Rf1 b5 24. a3 h5 25. Rd3 Nf5 26. h3 Nfxg3 27. Re1 Ne2+ 28. Kf1 N4g3+ 29. Kf2 Rxf4 30. Rxe2 Rxf3+ 31. Rxf3 Ne4+ 32. Ke1 Qg1+ 33. Rf1 Qg3+ 34. Kd1 Qd3+ 0-1

[Event "Rhein Main op-B 22nd"]
[Site "Bad Homburg"]
[Date "2019.06.19"]
[Round "1"]
[White "Marchese, Eric"]
[Black "Welker, Alexandra"]
[Result "1-0"]
[WhiteElo "1743"]
[BlackElo "1342"]
[PlyCount "61"]
[EventDate "2019.06.19"]
[EventType "swiss"]
[EventRounds "7"]
[EventCountry "GER"]
[SourceTitle "EXT 2020"]
[Source "ChessBase"]
[SourceDate "2019.10.17"]
[SourceVersion "1"]
[SourceVersionDate "2019.10.17"]
[SourceQuality "1"]

1. e4 c6 2. d4 d5 3. e5 Bf5 4. g4 Bg6 5. Nh3 e6 6. Nf4 Ne7 7. h4 h6 8. h5 Bh7 9. Bd3 Bxd3 10. Qxd3 Nd7 11. Nd2 Qb6 12. Nf3 0-0-0 13. a4 c5 14. a5 Qb4+ 15. c3 Qc4 16. Qd1 Nc6 17. Ne2 cxd4 18. cxd4 Bb4+ 19. Bd2 Bxd2+ 20. Qxd2 Qb4 21. Qxb4 Nxb4 22. 0-0 Kb8 23. Rfc1 Rc8 24. Nc3 g5 25. Nb5 f6 26. Rxc8+ Rxc8 27. Nd6 Rf8 28. Ra3 fxe5 29. Rb3 exd4 30. Nxd4 e5 31. N4f5 1-0

[Event "GER-ch U25-C"]
[Site "Willingen"]
[Date "2019.06.15"]
[Round "9"]
[White "Sinka, Silas"]
[Black "Welker, Alexandra"]
[Result "1/2-1/2"]
[WhiteElo "1292"]
[BlackElo "1342"]
[PlyCount "87"]
[EventDate "2019.06.08"]
[EventType "swiss"]
[EventRounds "9"]
[EventCountry "GER"]
[SourceTitle "CBM 191 Extra"]
[Source "ChessBase"]
[SourceDate "2019.09.30"]
[SourceVersion "1"]
[SourceVersionDate "2019.09.30"]
[SourceQuality "1"]

1. d4 d5 2. Nf3 c6 3. b3 Nf6 4. Bb2 e6 5. Nbd2 Nbd7 6. e3 Bd6 7. Bd3 0-0 8. Qe2 c5 9. Ne5 Qc7 10. f4 cxd4 11. exd4 Bb4 12. c4 dxc4 13. Nexc4 Qxf4 14. a3 Be7 15. Nf3 Nd5 16. 0-0 Qc7 17. Nfe5 N7f6 18. Rf3 b5 19. Nd2 a6 20. Raf1 Bb7 21. Rh3 g6 22. Ne4 Nxe4 23. Bxe4 f5 24. Bd3 Qd6 25. g4 fxg4 26. Qxg4 Rxf1+ 27. Bxf1 Nf6 28. Qg3 Ne4 29. Qg2 Ng5 30. Qxb7 Nxh3+ 31. Bxh3 Rb8 32. Qd7 Rd8 33. Bxe6+ Kg7 34. Qxd6 Bxd6 35. d5 Kf8 36. Nf7 Bc5+ 37. Kg2 Rb8 38. b4 Be7 39. d6 Bxd6 40. Nxd6 Ke7 41. Bc8 Kxd6 42. Bg4 h5 43. Bf3 Ke6 44. Be4 1/2-1/2

[Event "GER-ch U25-C"]
[Site "Willingen"]
[Date "2019.06.12"]
[Round "5"]
[White "Welker, Alexandra"]
[Black "Mylke, Sandy Michelle"]
[Result "0-1"]
[WhiteElo "1342"]
[BlackElo "1238"]
[PlyCount "64"]
[EventDate "2019.06.08"]
[EventType "swiss"]
[EventRounds "9"]
[EventCountry "GER"]
[SourceTitle "CBM 191 Extra"]
[Source "ChessBase"]
[SourceDate "2019.09.30"]
[SourceVersion "1"]
[SourceVersionDate "2019.09.30"]
[SourceQuality "1"]

1. e4 e5 2. Nf3 Nc6 3. Bc4 Bc5 4. c3 Nf6 5. d4 exd4 6. e5 d5 7. Bb5 Ne4 8. cxd4 Bb6 9. Nc3 Bg4 10. Be3 0-0 11. Bxc6 bxc6 12. 0-0 f6 13. Nxe4 dxe4 14. Qb3+ Kh8 15. Nd2 Be2 16. Rfe1 Bd3 17. f3 f5 18. Bf2 Bxd4 19. f4 Bxf2+ 20. Kxf2 Qh4+ 21. Kg1 Qxf4 22. Qc3 Rad8 23. Rad1 Rf7 24. e6 Re7 25. Qxc6 Qd6 26. Qc3 Rxe6 27. Nf3 Qb6+ 28. Kh1 exf3 29. Rxe6 Qxe6 30. Qxc7 Re8 31. Qxa7 Qe2 32. Rg1 f2 0-1

[Event "GER-ch U25-C"]
[Site "Willingen"]
[Date "2019.06.09"]
[Round "1"]
[White "Welker, Alexandra"]
[Black "Keuper, David"]
[Result "1-0"]
[WhiteElo "1342"]
[BlackElo "1075"]
[PlyCount "85"]
[EventDate "2019.06.08"]
[EventType "swiss"]
[EventRounds "9"]
[EventCountry "GER"]
[SourceTitle "CBM 191 Extra"]
[Source "ChessBase"]
[SourceDate "2019.09.30"]
[SourceVersion "1"]
[SourceVersionDate "2019.09.30"]
[SourceQuality "1"]

1. e4 e5 2. Nf3 Nc6 3. Bc4 Bc5 4. c3 d6 5. d4 exd4 6. cxd4 Bb4+ 7. Nc3 Bg4 8. 0-0 Nf6 9. Bb5 0-0 10. Bxc6 bxc6 11. Re1 Bxc3 12. bxc3 Re8 13. Qd3 h6 14. e5 Bxf3 15. Qxf3 d5 16. Bxh6 Qe7 17. Bg5 Qe6 18. Bxf6 gxf6 19. Qxf6 Qd7 20. Re3 Qe6 21. Qg5+ Qg6 22. Qxg6+ fxg6 23. f4 Kg7 24. Rb1 a5 25. Rb7 Re7 26. a4 Ra6 27. Kf2 Rf7 28. Kg3 c5 29. dxc5 c6 30. Rxf7+ Kxf7 31. Kg4 Ra8 32. Kg5 Rb8 33. f5 gxf5 34. Kxf5 Rb2 35. e6+ Ke7 36. Rg3 Re2 37. Rg7+ Kf8 38. Rg5 Re4 39. Kf6 Rxa4 40. e7+ Ke8 41. Rg8+ Kd7 42. e8Q+ Kc7 43. Qe7# 1-0

[Event "Heusenstamm Sparkassen op-B 5th"]
[Site "Heusenstamm"]
[Date "2018.11.25"]
[Round "7"]
[White "Krieger, Roy"]
[Black "Welker, Alexandra"]
[Result "0-1"]
[WhiteElo "1312"]
[BlackElo "1308"]
[PlyCount "108"]
[EventDate "2018.11.22"]
[EventType "swiss"]
[EventRounds "7"]
[EventCountry "GER"]
[SourceTitle "CBM 187 Extra"]
[Source "ChessBase"]
[SourceDate "2018.11.04"]
[SourceVersion "1"]
[SourceVersionDate "2018.11.04"]
[SourceQuality "1"]

1. d4 d5 2. Nf3 c6 3. Bf4 Bf5 4. e3 Nf6 5. Nbd2 e6 6. Nh4 Bg6 7. Nxg6 hxg6 8. Bd3 Bd6 9. Bxd6 Qxd6 10. Nf3 Nbd7 11. c3 e5 12. dxe5 Nxe5 13. Nxe5 Qxe5 14. h3 g5 15. 0-0 g4 16. g3 Rxh3 17. Re1 Qh5 18. Kf1 Ne4 19. Bxe4 dxe4 20. Qc2 Rxg3 21. Qxe4+ Kf8 22. Ke2 Qb5+ 23. Qd3 Qxb2+ 24. Qd2 Qxd2+ 25. Kxd2 Rg2 26. Rh1 Rd8+ 27. Ke1 g3 28. fxg3 Rxg3 29. Kf2 Rg4 30. Rad1 Rxd1 31. Rxd1 Ke7 32. Kf3 Rc4 33. Rd3 Ke6 34. e4 f5 35. exf5+ Kxf5 36. Rd7 Rxc3+ 37. Ke2 Rc2+ 38. Kd3 Rxa2 39. Rxb7 g5 40. Rc7 Ra6 41. Ke3 Kg4 42. Kf2 Ra2+ 43. Ke3 a5 44. Rxc6 Ra4 45. Rc5 Kh4 46. Kf3 g4+ 47. Ke3 Kg3 48. Rg5 Kg2 49. Rd5 g3 50. Rd2+ Kh3 51. Rd8 g2 52. Rh8+ Rh4 53. Rg8 Rg4 54. Rh8+ Kg3 0-1

[Event "Bad Soden U14 op 5th"]
[Site "Bad Soden"]
[Date "2018.10.03"]
[Round "9.18"]
[White "Welker, Alexandra"]
[Black "Wolf, Jonathan"]
[Result "1-0"]
[WhiteElo "1308"]
[BlackElo "842"]
[PlyCount "63"]
[EventDate "2018.09.30"]
[EventType "swiss"]
[EventRounds "7"]
[EventCountry "GER"]
[SourceTitle "EXT 2020"]
[Source "ChessBase"]
[SourceDate "2019.10.17"]
[SourceVersion "1"]
[SourceVersionDate "2019.10.17"]
[SourceQuality "1"]

1. e4 c6 2. d4 d5 3. exd5 cxd5 4. Nc3 Bf5 5. Nf3 e6 6. Bb5+ Nd7 7. Ne5 Ngf6 8. Bg5 Be7 9. Bxf6 gxf6 10. Nxd7 e5 11. Nxe5+ Kf8 12. Nf3 Bb4 13. Bd3 Bg6 14. Bxg6 fxg6 15. Qd3 Qd6 16. 0-0 Re8 17. a3 Bxc3 18. Qxc3 b6 19. Rfe1 Kf7 20. Rxe8 Rxe8 21. Re1 Rxe1+ 22. Nxe1 Qf4 23. Qe3 Qg4 24. f3 Qc8 25. c3 Qc4 26. Nd3 f5 27. Ne5+ Kf6 28. Nxc4 dxc4 29. Qe5+ Kg5 30. Qe7+ Kh6 31. Qxa7 b5 32. Qc5 1-0

[Event "Rhein Main op-B 21st"]
[Site "Bad Homburg"]
[Date "2018.06.02"]
[Round "5"]
[White "Al Butmeh, Firas"]
[Black "Welker, Alexandra"]
[Result "1-0"]
[WhiteElo "1446"]
[BlackElo "1084"]
[PlyCount "59"]
[EventDate "2018.05.30"]
[EventType "swiss"]
[EventRounds "7"]
[EventCountry "GER"]
[SourceTitle "EXT 2019"]
[Source "ChessBase"]
[SourceDate "2018.10.10"]
[SourceVersion "1"]
[SourceVersionDate "2018.10.10"]
[SourceQuality "1"]

1. e4 e5 2. Nf3 Nc6 3. d4 exd4 4. Bc4 Nf6 5. e5 Qe7 6. 0-0 Nxe5 7. Nxe5 Qxe5 8. Re1 Ne4 9. f3 d5 10. Bd3 Bd6 11. g3 Bf5 12. Nd2 0-0 13. fxe4 dxe4 14. Nxe4 Bxe4 15. Bxe4 Rfe8 16. Bxh7+ Kxh7 17. Rxe5 Rxe5 18. Bf4 Rd5 19. Qf3 Rb5 20. Qd3+ Kg8 21. Qxb5 Rb8 22. Bxd6 cxd6 23. Rd1 a6 24. Qd7 b6 25. Rxd4 Rf8 26. Rxd6 Rb8 27. Qc7 Rf8 28. Rd8 b5 29. Rxf8+ Kxf8 30. Qd8# 1-0

[Event "Heusenstamm Sparkassen op U14 4th"]
[Site "Heusenstamm"]
[Date "2017.11.26"]
[Round "5"]
[White "Schmidt, Jeremy"]
[Black "Welker, Alexandra"]
[Result "1-0"]
[WhiteElo "1174"]
[BlackElo "1009"]
[PlyCount "93"]
[EventDate "2017.11.24"]
[EventType "swiss"]
[EventRounds "5"]
[EventCountry "GER"]
[SourceTitle "EXT 2019"]
[Source "ChessBase"]
[SourceDate "2018.10.10"]
[SourceVersion "1"]
[SourceVersionDate "2018.10.10"]
[SourceQuality "1"]

1. e4 e5 2. Nf3 Nc6 3. Bc4 Bc5 4. b4 Bxb4 5. c3 Bc5 6. Qb3 Qf6 7. 0-0 d6 8. Rd1 Be6 9. d4 Nge7 10. Bxe6 fxe6 11. dxc5 dxc5 12. Qxb7 Rc8 13. Bg5 Rb8 14. Qxb8+ Nxb8 15. Bxf6 gxf6 16. Nbd2 0-0 17. Nc4 Ng6 18. g3 Nc6 19. Rd7 Rc8 20. Rb1 Nf8 21. Rdd1 a6 22. h4 Ng6 23. h5 Nf8 24. g4 h6 25. Nh4 Kg7 26. f3 Kf7 27. a4 Ke7 28. Ng6+ Kf7 29. Nxf8 Kxf8 30. Rd7 Ke8 31. Rh7 f5 32. Rd1 fxe4 33. Rh8+ Kf7 34. Rxc8 exf3 35. Rxc7+ Ne7 36. Rdd7 e4 37. Rxe7+ Kf6 38. Rg7 f2+ 39. Kxf2 e3+ 40. Kxe3 e5 41. Rh7 Kg5 42. Rcg7+ Kf6 43. Ra7 Kg5 44. Rxa6 Kxg4 45. Rhxh6 e4 46. Kxe4 Kg5 47. Rag6+ 1-0